000 00314nam a22001337a 4500
008 171020b xxu||||| |||| 00| 0 eng d
020 _a9780314096876
041 _aeng
080 _28TH
_a338
100 _a54
101 _aMEN
245 _aAN INTRODUCTION TO MANAGEMENT SCIENCE
_cANDERSON,D.R
942 _2udc
_cBK
999 _c35223
_d35223